| 000 | 00814nam a2200253 4500 | ||
|---|---|---|---|
| 003 | OSt | ||
| 005 | 20260601193854.0 | ||
| 008 | 260508b1975 xxu||||| |||| 00| 0 eng d | ||
| 040 |
_aICI _bspa _cICI |
||
| 041 | _aeng | ||
| 050 |
_aNC998 _b.P75 1995 |
||
| 100 | 1 |
_aFox, Martin _dautor _932811 |
|
| 245 | 1 | _aThe Print Casebooks The best in Environmental Graphics / | |
| 264 |
_aNew York _bWatson-Guptill Publications _c1975 |
||
| 300 |
_a96 páginas: _bilustraciones |
||
| 336 |
_atexto _2rdacontent |
||
| 337 |
_asin medio _2rdamedia |
||
| 338 |
_avolumen _2rdacarrier |
||
| 490 |
_aNC1002 _v.F69 1975 |
||
| 502 | _aCompilación de ejemplos destacados de diseño gráfico ambiental y señalización. | ||
| 650 | _aDiseño gráfico ambiental. | ||
| 650 |
_aSeñalización _xxDiseño. _932813 |
||
| 942 |
_2lcc _cB _n1 |
||
| 999 |
_c21987 _d21987 |
||